00586nam a2200205Ia 4500003000400000005001700004008004100021020001900062040000700081041000800088082001300096100002600109245004300135260001700178300000900195650003100204942001300235999001900248952011300267OSt20251126111449.0250729s1944 xx 000 0 und d a978-0978319830 cAL aeng a200 LORS aLord A Daniel9224927 aSome notes for the guidance of parents aLondonc1944 a252p aThought & Religion9224928 2ddccBED c236659d236659 00104070aALbALd2025-07-29eManagement Booksl0o200 LORSpBED01978r2025-07-29 16:55:00w2025-07-29yBK